000 00647nam a2200193 4500
001 122705
003 ES-MaACL
005 20230906192028.0
007 t|
008 070214s1967 sp r ||||1| cat d
100 1 _aPuig-Espert, Francisco.
_994264
245 1 0 _aHortolans
_b: poesies /
_cper Francisco Puig-Espert ; proleg de Sicania ; illustracions de Puig-Espert ; fotogravats de Vilaseca.
260 _aValencia :
_b[s.n.],
_c1967 (
_fImp. Cortell)
300 _a110 p., 12 lám. ;
_c17 cm.
700 1 _aSicania.
_9106184
700 1 _aVilaseca.
_9114833
852 _aES-MaACL
_jC-34287
_bR.65240
852 _aES-MaACL
_jC-33902
_bR.64504
999 _c122705
_d122705